Reményik Sándor

Elmentve itt :
Bibliográfiai részletek
Szerző: LÁNG Gusztáv
Adatforrás:Meister
Forrásdokumentuma:Látó. -
5 sz., 1993, 90-91 p.
Nyelv:magyar
Kulcsszavak:irodalomtörténet
REMÉNYIK Sándor
BABITS Mihály
ÁPRILY Lajos
POMOGÁTS Béla
LEADER 00438nab a2200169 i 4500
001 bibPRO00010146
008 060524s1993 xx hun
040 |a Sz1 
041 |a hun 
100 1 |a LÁNG Gusztáv 
245 1 0 |a Reményik Sándor  |c LÁNG Gusztáv 
695 |a irodalomtörténet 
695 |a REMÉNYIK Sándor 
695 |a BABITS Mihály 
695 |a ÁPRILY Lajos 
695 |a POMOGÁTS Béla 
773 0 |t Látó. -  |g 5 sz., 1993, 90-91 p.